=LDR 00000nam 2200000 4500 =001 NUTBA000000000003162 =005 20140805093712.0 =006 =007 =008 =020 ##$$a 978-979-043-186-7 =035 ##$$a 0010-081400000000006 =040 ##$$a NBPDMAT =082 ##$$a 510 =090 ##$$a 510 Jan j =100 ##$$a Janu Ismadi =245 ##$$a Jagat matematika untuk SMA/MA kelas X / Janu Ismadi, Vaentina Rian Prastiwi =260 ##$$a Jakarta : $b Perca, $c 2012 =300 ##$$a vii, 184 hlm. : $b ilus. $c 29 cm. =500 ##$$a Indeks : hlm. 184 =650 ##$$a Matematika-SMA =990 ##$$a 21406887 =990 ##$$a 0001/BPAP-NTB/20142014 =990 ##$$a 0001/BPAP-NTB/20142014 =990 ##$$a 0001/BPAP-NTB/20142014 =990 ##$$a 0001/BPAP-NTB/20142014 =990 ##$$a 0001/BPAP-NTB/20142014